000 00414nmm a2200157Ia 4500
008 251105s9999||||xx |||||||||||||||||und||
041 _aspa
100 _aPardo Bazán, Emilia
245 0 _aEl azar
264 _a[Madrid, España] :
_bLinkgua,
_c2017
300 _a17 páginas
490 _aNarrativa
650 _aSpanish narrative
856 _uhttps://public.digitaliapublishing.com/a/55297
942 _cCF
999 _c100073
_d100073